Read China : how China's development shapes Chinese people's lives in the changing world / (Record no. 601666)

000 -LEADER
fixed length control field 00415nam a2200133Ia 4500
008 - FIXED-LENGTH DATA ELEMENTS--GENERAL INFORMATION
fixed length control field 230907s9999||||xx |||||||||||||| ||und||
082 ## - DEWEY DECIMAL CLASSIFICATION NUMBER
Classification number 370.951
Author Mark GAN
100 ## - MAIN ENTRY--PERSONAL NAME
Personal name Gang, Han.
9 (RLIN) 15030
245 #0 - TITLE STATEMENT
Title Read China : how China's development shapes Chinese people's lives in the changing world /
260 ## - PUBLICATION, DISTRIBUTION, ETC.
Place of publication, distribution, etc. Beijing mediatime united,
Name of publisher, distributor, etc. Beijing :
Date of publication, distribution, etc. 2010
300 ## - PHYSICAL DESCRIPTION
Extent 280 p. :
650 ## - SUBJECT ADDED ENTRY--TOPICAL TERM
Topical term or geographic name entry element Chinese Studies
942 ## - ADDED ENTRY ELEMENTS (KOHA)
Koha item type Book
Holdings
Withdrawn status Lost status Damaged status Not for loan Permanent Location Current Location Date acquired Total Checkouts Full call number Barcode Date last seen Price effective from Koha item type
        US-Pakistan Center for Advanced Studies in Energy (USPCAS-E) US-Pakistan Center for Advanced Studies in Energy (USPCAS-E) 12/13/2021   370.951 GAN CAS-ED000056 09/12/2023 09/12/2023 Book
© 2023 Central Library, National University of Sciences and Technology. All Rights Reserved.